000 00491nam a2200193 a 4500
999 _c1547
_d1547
005 20200515133130.0
008 200515b ||||| |||| 00| 0 spa d
040 _aCO-BoIAVH
_cCO-BoIAVH
041 _aeng
082 _a005.1
090 _aLB
_b01540
100 _aSussaman, David.
_992222
245 _aADO 2.1 Programmer's reference
260 _aBirmingham
_bWrox Press
_c1999
300 _ap
650 _aADO 1.2
_992223
650 _aManual del usuario
_9102942
942 _cLIBRO
_2ddc